Départements du bassin de la Meuse - Statistiques

Statistiques générales
  • Ce quiz a été pris 46 fois
  • Le résultat moyen est 6 sur 6
Statistiques - réponses
Région % Correct
Grand-Est
100%
Meurthe-et-Moselle
100%
Meuse
95%
Ardennes
91%
Vosges
91%
Haute-Marne
86%
Aucun quiz correspondant
Distribution des résultats
% des personnes avec chaque résultat
Percentile par nombre de réponses
Votre historique - résultats
Vous n’avez pas pris ce quiz